[Event "Mind Sports Games - Rapid Team"]
[Site "Pechino CINA"]
[Date "2008.10.16"]
[Round "9"]
[White "Savickas, A."]
[Black "Nolte, R."]
[Result "1-0"]
[WhiteElo "2358"]
[BlackElo "2489"]
[PlyCount "111"]
[EventDate "2008.10.14"]
[Source "www.chesslib.no"]
[SourceDate "2004.05.04"]

1. e4 c5 2. Nf3 d6 3. d4 cxd4 4. Nxd4 Nf6 5. Nc3 a6 6. Be2 e6 7. O-O Qc7 8. f4 Be7 9. Kh1 O-O 10. Be3 b5 11. a3 Bb7 12. Bd3 Nbd7 13. Qe1 Nc5 14. Bg1 Rac8 15. Qe3 Rfe8 16. Rae1 d5 17. e5 Nfe4 18. Nd1 Bf8 19. Nf2 Qd7 20. Rd1 Red8 21. Nxe4 dxe4 22. Be2 Qc7 23. c3 Na4 24. Rd2 Rd7 25. Rfd1 Rcd8 26. Qg3 g6 27. Be3 Bc5 28. Bg4 Nb6 29. Nxe6 Rxd2 30. Rxd2 fxe6 31. Rxd8+ Qxd8 32. Bxe6+ Kg7 33. Bxc5 Qd1+ 34. Bg1 Nd5 35. Bxd5 Bxd5 36. f5 e3 37. f6+ Kf7 38. Qxe3 Ke6 39. Qf2 Kf7 40. Qa7+ Ke6 41. Qf2 Kf7 42. h3 Qh5 43. Qg3 Qe2 44. b4 Ke6 45. Bd4 Kf7 46. Kh2 h6 47. e6+ Qxe6 48. Qc7+ Ke8 49. Be5 g5 50. Bd4 h5 51. Qb8+ Kf7 52. Qg3 Kg6 53. Qc7 Kf5 54. Qh7+ Kf4 55. g3+ Kf3 56. Qd3+ 1-0

[Event "JUG-chT"]
[Site "Vrnjacka Banja"]
[Date "1996.??.??"]
[Round "?"]
[White "Damjanovic, Vladimir"]
[Black "Ilic, Zoran"]
[Result "1/2-1/2"]
[WhiteElo "2440"]
[BlackElo "2400"]
[PlyCount "47"]
[EventDate "1996.??.??"]
[Source "www.chesslib.no"]
[SourceDate "2004.05.04"]

1. e4 c5 2. Nf3 e6 3. d4 cxd4 4. Nxd4 a6 5. Nc3 Qc7 6. Be2 Nf6 7. O-O d6 8. f4 Be7 9. Qe1 O-O 10. Qg3 Re8 11. Kh1 Nbd7 12. Bf3 Bf8 13. Be3 Rb8 14. Rad1 e5 15. Nf5 Kh8 16. Rf2 b5 17. Rfd2 b4 18. Nd5 Nxd5 19. Rxd5 Qxc2 20. R5d2 Qc4 21. Nxd6 Bxd6 22. Rxd6 Qxa2 23. fxe5 Nf8 24. Qf2 1/2-1/2

[Event "Czestochowa"]
[Site "Czestochowa"]
[Date "1984.??.??"]
[Round "?"]
[White "Flis, Jacek"]
[Black "Szypulski, Andrzej"]
[Result "1/2-1/2"]
[WhiteElo "2360"]
[BlackElo "2480"]
[PlyCount "85"]
[EventDate "1984.??.??"]
[Source "www.chesslib.no"]
[SourceDate "2004.05.04"]

1. e4 c5 2. Nf3 e6 3. d4 cxd4 4. Nxd4 Nf6 5. Nc3 d6 6. Be2 a6 7. O-O Qc7 8. f4 Be7 9. Kh1 O-O 10. Be3 b5 11. a3 Bb7 12. Bf3 Nbd7 13. Nb3 Rfe8 14. Qe2 Rab8 15. Rad1 Bf8 16. Qf2 Ba8 17. g4 Nb6 18. g5 Nfd7 19. Nd2 Na4 20. Nxa4 bxa4 21. Bd4 e5 22. fxe5 Nxe5 23. Bg2 Re7 24. Bc3 Nc4 25. Nxc4 Qxc4 26. Rd4 Qc6 27. Qf4 Qe8 28. Qxd6 Rxe4 29. Qg3 Rxd4 30. Bxd4 Bxg2+ 31. Qxg2 Qe6 32. Qf3 Rb5 33. h4 Rd5 34. Bc3 Qd7 35. Kg2 Rc5 36. Qe4 Qc8 37. Qxa4 Rc4 38. Qb3 Qg4+ 39. Kf2 Qxh4+ 40. Ke2 Rc7 41. Qd5 Qg4+ 42. Rf3 Re7+ 43. Kf1 1/2-1/2

[Event "Belgrade Beopromet"]
[Site "Belgrade"]
[Date "1993.??.??"]
[Round "8"]
[White "Damjanovic, Vladimir"]
[Black "Poluljahov, Aleksandr"]
[Result "1/2-1/2"]
[WhiteElo "2320"]
[BlackElo "2515"]
[PlyCount "57"]
[EventDate "1993.03.??"]
[Source "ChessBase"]

1. e4 c5 2. Nf3 e6 3. d4 cxd4 4. Nxd4 a6 5. Nc3 Qc7 6. Be2 Nf6 7. O-O d6 8. f4 Be7 9. Qe1 O-O 10. Kh1 b5 11. Bf3 Bb7 12. e5 Ne8 13. f5 dxe5 14. fxe6 Bxf3 15. exf7+ Rxf7 16. Nxf3 Nd7 17. Bg5 Nef6 18. Rd1 Raf8 19. Rxd7 Nxd7 20. Nd5 Qc5 21. Nxe7+ Rxe7 22. Bxe7 Qxe7 23. Qe4 Qd6 24. Re1 h6 25. h3 Rf4 26. Qd3 Qxd3 27. cxd3 Ra4 28. a3 b4 29. axb4 1/2-1/2

[Event "Capablanca mem Premier II"]
[Site "Havana"]
[Date "1999.05.07"]
[Round "1"]
[White "Perez, Rodney"]
[Black "Garcia Martinez, Silvino"]
[Result "1/2-1/2"]
[WhiteElo "2406"]
[BlackElo "2420"]
[PlyCount "63"]
[EventDate "1999.05.??"]
[Source "ChessBase"]
[SourceDate "1999.07.10"]

1. e4 c5 2. Nf3 e6 3. Nc3 a6 4. d4 cxd4 5. Nxd4 Qc7 6. Be2 Nf6 7. O-O d6 8. f4 Be7 9. Be3 O-O 10. Qe1 b5 11. Bf3 Bb7 12. e5 dxe5 13. fxe5 Nfd7 14. Bxb7 Qxb7 15. Qg3 Qc7 16. Rae1 Kh8 17. Qf3 Ra7 18. Ndxb5 axb5 19. Nxb5 Qxc2 20. Bxa7 Qxb2 21. Bxb8 Rxb8 22. Nd6 f5 23. exf6 Bxd6 24. fxg7+ Qxg7 25. Rxe6 Bc5+ 26. Kh1 Rf8 27. Qe2 Rxf1+ 28. Qxf1 Qd4 29. Re1 Nf6 30. Rd1 Qe5 31. Re1 Qd4 32. Rd1 1/2-1/2

[Event "Abel Cardona Open, Cali COL"]
[Site "?"]
[Date "2000.??.??"]
[Round "7"]
[White "Ostos, J."]
[Black "Zapata, A."]
[Result "1/2-1/2"]
[WhiteElo "2340"]
[BlackElo "2485"]
[PlyCount "102"]
[EventDate "2000.??.??"]
[Source "www.chesslib.no"]
[SourceDate "2004.05.04"]

1. e4 c5 2. Nf3 e6 3. Nc3 a6 4. d4 cxd4 5. Nxd4 d6 6. Be2 Nf6 7. O-O Qc7 8. f4 Be7 9. Qe1 Nc6 10. Nxc6 bxc6 11. Qg3 O-O 12. e5 Ne8 13. Ne4 c5 14. exd6 Nxd6 15. Nxd6 Bxd6 16. b3 f6 17. Bc4 Kh8 18. Bb2 a5 19. Rae1 Ba6 20. Rxe6 Bxc4 21. bxc4 Rae8 22. Rxe8 Rxe8 23. Re1 Qf7 24. Rxe8+ Qxe8 25. Bc3 a4 26. Bd2 h6 27. Qd3 Qb8 28. g3 Be7 29. Qe4 Bf8 30. Kf2 Kg8 31. Qe6+ Kh7 32. Qf7 Qc8 33. Kf3 Bd6 34. g4 Qb8 35. Qd7 Qa8+ 36. Kg3 Bf8 37. Qd5 Qb8 38. Qf7 Qd8 39. Bc3 Bd6 40. Kf3 Bf8 41. Qd5 Qb8 42. Qf7 Qb1 43. Qxf8 Qxc2 44. Qxc5 Qxc3+ 45. Qe3 Qxc4 46. Qe4+ Qxe4+ 47. Kxe4 Kg6 48. a3 h5 49. h3 hxg4 50. hxg4 f5+ 51. gxf5+ Kf6 1/2-1/2

[Event "Narciso Yepes, Lorca ESP"]
[Site "?"]
[Date "2001.??.??"]
[Round "4"]
[White "Rodriguez Guerrero, E."]
[Black "Korneev, O."]
[Result "0-1"]
[WhiteElo "2255"]
[BlackElo "2570"]
[PlyCount "82"]
[EventDate "2001.??.??"]
[Source "www.chesslib.no"]
[SourceDate "2004.05.04"]

1. e4 c5 2. Nf3 e6 3. d4 cxd4 4. Nxd4 a6 5. Be2 Qc7 6. O-O Nf6 7. Nc3 d6 8. f4 Be7 9. Be3 O-O 10. g4 d5 11. exd5 Nxd5 12. Nxd5 exd5 13. Bf3 Rd8 14. c3 Nc6 15. Qd3 Bd7 16. Nb3 d4 17. cxd4 Nb4 18. Qd2 Bc6 19. a3 Bxf3 20. Rxf3 Nd5 21. Rc1 Qd7 22. f5 b6 23. Bg5 Re8 24. Bxe7 Qxe7 25. h3 h5 26. g5 Qe4 27. Rcf1 Rac8 28. Qd3 Qh4 29. Qd2 Re4 30. g6 Rce8 31. Qf2 Qf6 32. gxf7+ Kxf7 33. Qg3 h4 34. Qh2 Kg8 35. Kh1 Ne3 36. Rg1 Nxf5 37. Qg2 Ng3+ 38. Qxg3 hxg3 39. Rxf6 gxf6 40. Rxg3+ Kf7 41. Rf3 Re2 0-1